| 000 | 00607nam a22002057a 4500 | ||
|---|---|---|---|
| 003 | OSt | ||
| 005 | 20210414095627.0 | ||
| 008 | 210225s1963 ||||| |||| 00| 0 eng d | ||
| 040 |
_aeng _beng _cDLC |
||
| 041 | _aeng | ||
| 080 |
_a821.111 _bH-15 |
||
| 100 |
_9476 _aHaggard, William |
||
| 245 |
_aThe Telemann Touch _c/ by: A Signet Book The New American Library |
||
| 260 |
_aNew York _bA Signet Book The New American Library _c1963 |
||
| 300 | _a160 p. | ||
| 365 | _b0.5 usd | ||
| 650 | 0 |
_9254 _aEnglish literature |
|
| 653 | _aინგლისური ლიტერატურა | ||
| 942 |
_2udc _cBK |
||
| 999 |
_c1727 _d1727 |
||